Ciclo económico y mora legal en el sistema financiero costarricense /

Wedi'i Gadw mewn:
Manylion Llyfryddiaeth
Prif Awdur: Yong Chacón, Marlon
Awduron Eraill: Soto Jiménez, Max Alberto
Fformat: Texto
Tagiau: Ychwanegu Tag
Dim Tagiau, Byddwch y cyntaf i dagio'r cofnod hwn!

MARC

LEADER 00000 a a2200000 04500
001 47424
003
040
100 |a Yong Chacón, Marlon  
245 |a Ciclo económico y mora legal en el sistema financiero costarricense /  |c Marlon Yong Chacón, Max Alberto Soto Jiménez  
700 |a Soto Jiménez, Max Alberto  
773 |g volumen31, número2, (2013), páginas 53-74 : tablas, gráficos  
999 |c 26786  |d 26786